| 000 | 02881ngm a2200553 a 4500 | ||
|---|---|---|---|
| 003 | BLK | ||
| 005 | 20240913115132.0 | ||
| 008 | 180410b bul||n||s|||||||| n|bulo| | ||
| 010 | _aCDD00005212000 | ||
| 040 | _aBLK | ||
| 041 |
_aBUL _cBUL |
||
| 072 | 7 |
_2bullib _aФ0602 _xДокументални филми Ф |
|
| 072 | 7 |
_2bullib _aК _xКраезнание |
|
| 080 |
_aНационалноосвободителното движение в България (1856-1877) _b94(497.2)"1856/1877" _x(092)(086.8) _z94(497.2)"1856/1877"(092)(086.8) |
||
| 080 |
_aДокументални филми _b791.229 _x:93/99(497.2) _z791.43-92:93/99(497.2) |
||
| 080 |
_aБългарска революционерка и национална героиня, русенка _b929 Обретенова, Тонка Тихова _z929 Обретенова, Тонка Тихова |
||
| 139 |
_aТя беше родена свободна [видео DVD] _bТ 99 |
||
| 245 | 1 | 0 |
_aТя беше родена свободна [видео DVD] _cсценарист Веселина Йорданова Антонова; сценарист Бояна Шандуркова; режисьор Бояна Шандуркова; оператор Николай Шандурков. |
| 257 | _aBGR | ||
| 260 |
_bРегион. телевизионен център _c[2008] |
||
| 300 |
_a(1.07 GB) _c12 см |
||
| 380 | _a7 | ||
| 490 | 1 | _aОпознайте историята и забележителностите на родния край с филмите на РТВЦ - Русе | |
| 500 | _aДигитално изд. | ||
| 600 | 0 |
_aОбретенова, Тонка Тихова _cБаба Тонка _d1812 - 1893 _9285322 |
|
| 650 | 4 |
_aОбретенова, Тонка Тихова _9285322 |
|
| 650 | 4 |
_aНационалноосвободително движение - България - дейци _9243361 |
|
| 651 | 4 |
_aБългария _9241624 |
|
| 653 | _aБаба Тонка | ||
| 653 | _aосманско владичество | ||
| 653 | _aбългарска история | ||
| 653 | _aнационалноосвободителни движения | ||
| 653 | _aдокументални филми | ||
| 659 | _aК | ||
| 659 | _aФ | ||
| 700 | 1 |
_aАнтонова, Веселина Йорданова _eсценарист _9365633 |
|
| 700 | 1 |
_aШандуркова, Бояна _eсценарист _9387875 |
|
| 700 | 1 |
_aШандуркова, Бояна _eрежисьор _9387875 |
|
| 700 | 1 |
_aШандурков, Николай _eоператор _9354994 |
|
| 760 | 1 | _t | |
| 852 |
_aЦб CD 3005 _p0 |
||
| 852 | _aК 94(497.2.)"1856/1877"/О-18 Т | ||
| 856 | 4 |
_qpdf _u |
|
| 856 | 4 |
_qpdf _u |
|
| 942 |
_cCDD _n0 _s1 _01 |
||
| 944 |
_aCR _c19.10.2011 _k30542 _lРусанова Ирена |
||
| 944 |
_aED _c17.09.2013 |
||
| 999 |
_c223485 _d223485 |
||
| 999 | _d223485 | ||